000 00826nam a2200205 a 4500
001 000021547
005 20200930011348.0
008 100909s1972 dr ad r 000 0 spa d
040 _aDO-SdBNP
_bspa
_cBNPHU
082 _a352.48
_bR426e, 1971
110 1 _aRepública Dominicana.
_bSecretariado Técnico de la Presidencia.
_bOficina Nacional de Presupuesto.
_932266
245 1 0 _aEjecución del presupuesto 1971 .
260 _aSanto Domingo :
_bSecretariado Técnico de la Presidencia,
_c1972.
300 _av. :
_bil., gráf. ;
_c28 cm.
590 _aInventariado, 2018/BT
650 4 _aPresupuesto
_zRepública Dominicana
_97940
650 4 _aHacienda pública
_zRepública Dominicana
_96562
651 4 _aRepública Dominicana
_xGastos Presupuestarios Públicos
_y1971
_944913
910 _aValidado. Control de calidad. MMOLINA
999 _c21046
_d21046